MARC

Tag First Indicator Second Indicator Subfields
LEADER 00000cam a22000001a 4500
001 in00003118607
005 20190402202528.0
006 m o d
007 cr un mmmapmmp
008 071214s1935 dcu o f000 0 eng d
035 |a cis2004189234 
040 |a UMI  |c UMI  |d UtOrBLW 
043 |a n-us--- 
099 |a ProQuest Serial Set Number 9888 H.rp.1247 
110 1 |a United States.  |b Congress.  |b House.  |b Committee on Public Lands. 
245 1 0 |a Whitman National Monument. 
246 1 |a Establishment of Whitman National Monument 
264 1 |a Washington :  |b [publisher not identified],  |c 1935. 
300 |a 1 online resource. 
336 |a text  |b txt  |2 rdacontent 
337 |a computer  |b c  |2 rdamedia 
338 |a online resource  |b cr  |2 rdacarrier 
490 0 |a H.rp.1247 
500 |a Record is based on bibliographic data in ProQuest U.S. Serial Set Digital Collection (last viewed Dec. 2007). Reuse except for individual research requires license from ProQuest, LLC. 
510 3 |a ProQuest U.S. Serial Set Digital Collection 
500 |a Electronic resource. 
650 0 |a Missionaries. 
650 0 |a National monuments. 
651 0 |a Washington (State) 
655 7 |a Electronic books.  |2 local 
710 2 |a ProQuest (Firm) 
830 0 |a United States congressional serial set. 
856 4 0 |u http://proxy.library.tamu.edu/login?url=http://congressional.proquest.com/congcomp/getdoc?SERIAL-SET-ID=9888+H.rp.1247  |z Connect to the full text of this electronic book  |t 0 
999 |a MARS 
999 f f |s 6e8254bc-f996-3d5a-b8a0-4bb75ec5598e  |i 93de5296-4ba3-3b7a-a842-cd4cacaf4696  |t 0 
952 f f |a Texas A&M University  |b College Station  |c Electronic Resources  |d Available Online  |t 0  |e ProQuest Serial Set Number 9888 H.rp.1247  |h Other scheme 
998 f f |a ProQuest Serial Set Number 9888 H.rp.1247  |t 0  |l Available Online